000 00331nam a2200145Ia 4500
008 230605s2000 xx 000 0 und d
041 _aeng
245 _aDissertation / Thesis/ Research Report Guidelines
260 _bZerox Copy
_c2000
300 _a20
365 _b36.96
500 _a72
520 _aMisc
650 _aB
999 _c418227
_d418227